Loading...
| Fine Arts - Classical Music | 7 | 12.86 | 86% | 43% | 0% |
| Fine Arts - Other | 4 | 12.50 | 100% | 25% | 0% |
| Fine Arts - Painting and Sculpture | 5 | 16.00 | 100% | 60% | 0% |
| Geography | 1 | 20.00 | 100% | 100% | 0% |
| History - American | 7 | 15.71 | 100% | 57% | 0% |
| History - European | 6 | 15.00 | 100% | 33% | 17% |
| History - Other | 5 | 16.00 | 100% | 60% | 0% |
| History - World | 5 | 10.00 | 100% | 0% | 0% |
| Literature - American | 4 | 7.50 | 75% | 0% | 0% |
| Literature - British | 4 | 17.50 | 100% | 50% | 25% |
| Literature - European | 5 | 18.00 | 100% | 60% | 20% |
| Literature - World | 4 | 17.50 | 100% | 50% | 25% |
| Mythology | 7 | 14.29 | 100% | 43% | 0% |
| Philosophy | 5 | 16.00 | 100% | 40% | 20% |
| Pop Culture | 1 | 20.00 | 100% | 100% | 0% |
| Religion | 7 | 12.86 | 86% | 29% | 14% |
| Science - Biology | 6 | 16.67 | 100% | 50% | 17% |
| Science - Chemistry | 3 | 13.33 | 100% | 33% | 0% |
| Science - Other | 5 | 12.00 | 100% | 20% | 0% |
| Science - Physics | 8 | 10.00 | 75% | 25% | 0% |
| Social Science | 6 | 10.00 | 67% | 17% | 17% |